Stepford County Railway Stations - Statistics

General Stats
  • This quiz has been taken 446 times
    40 since last reset
  • The average score is 56 of 75
Answer Stats
Answer % Correct
Benton
100%
Stepford Central
100%
Airport Terminal 2
95%
Stepford East
95%
Stepford Victoria
95%
Airport Terminal 1
90%
Leighton City
90%
Newry
90%
Stepford Airport Central
90%
Stepford United Football Club
90%
Airport Terminal 3
86%
Benton Bridge
86%
City Hospital
86%
Coxly
86%
Leighton Stepford Road
86%
Leighton West
86%
Morganstown
86%
Newry Harbour
86%
St Helens Bridge
86%
Whitefield
86%
Angel Pass
81%
Coxly Newtown
81%
Hampton Hargate
81%
Llyn-by-the-Sea
81%
Northshore
81%
Stepford Airport Parkway
81%
Stepford High Street
81%
Water Newton
81%
West Benton
81%
Willowfield
81%
Barton
76%
Bodin
76%
Edgemead
76%
Financial Quarter
76%
Four Ways
76%
Greenslade
76%
James Street
76%
Morganstown Docks
76%
Port Benton
76%
Whitney Green
76%
Airport West
71%
Ashlan Park
71%
Berrily
71%
Cambridge Street Parkway
71%
Connolly
71%
East Berrily
71%
Elsemere Junction
71%
Esterfield
71%
Rocket Parade
71%
Whitefield Lido
71%
Beechley
67%
Eden Quay
67%
Elsemere Pond
67%
Faraday Road
67%
Faymere
67%
Millcastle
67%
New Harrow
67%
Rosedale Village
67%
Starryloch
67%
Westercoast
67%
Westwyvern
67%
Aslockby
62%
Hemdon Park
62%
Millcastle Racecourse
62%
Robinson Way
62%
Stepford Bay
62%
Upper Staploe
62%
Woodhead Lane
62%
Farleigh
57%
Rayleigh Bay
57%
Beaulieu Park
52%
Carnalea Bridge
52%
Denton Road
52%
Houghton Rake
52%
Cadoxton
48%
No matching quizzes found
Score Distribution
Percent of People with Each Score
Percentile by Number Answered
Your Score History
You have not taken this quiz since the last reset